| 000 | 00363ntaaa2200157 4500 | ||
|---|---|---|---|
| 003 | 01 | ||
| 005 | 20251027202437.0 | ||
| 008 | 0714s1973 ag 01 | ||
| 040 |
_aAR-BaBN _bspa _cAR-BaBN _eaacr _dRIC |
||
| 082 | _a266.0000 L | ||
| 100 |
_aLawrence, Una R. _923310 |
||
| 245 | _aPioneer women | ||
| 250 |
_a1 ed. : _bs.l., _cc1929 |
||
| 650 | _aMisiones | ||
| 942 | _cBK | ||
| 999 |
_c19419 _d19419 |
||